| 000 | 00749nam a2200265Ia 4500 | ||
|---|---|---|---|
| 003 | OSt | ||
| 005 | 20220928131111.0 | ||
| 006 | a|||||r|||| 00| 0 | ||
| 007 | ta | ||
| 008 | 220927b |||||||| |||| 00| 0 eng d | ||
| 020 | _c495 | ||
| 024 | _a119059 | ||
| 037 |
_b84, 22/08/2013, Vardhman Books _cTextual |
||
| 040 |
_aSDCL _cSDCL _beng |
||
| 041 |
_2eng _aeng |
||
| 082 | _aX:89F, Q0 | ||
| 100 | _aBanerjee Bhabatosh | ||
| 245 | 0 | _aFinancial policy and management accounting. | |
| 250 | _a8th | ||
| 260 |
_aNew Delhi _bPhi Learning _c2012 |
||
| 300 |
_axxiii;1007p. _ccm. |
||
| 650 | _aFinancial Studies | ||
| 942 |
_hX:89F, Q0 _cTEXL _2CC |
||
| 999 |
_c789587 _d789587 |
||